000 00225nam a22000857a 4500
008 160720b xxu||||| |||| 00| 0 eng d
100 _93075
_aRastogi J.P
245 _aAPC English Core-XI
260 _aNew Delhi
_bAPC Publication
_c2009
999 _c2638
_d2638